=LDR 00000nam 2200000 4500 =001 INLIS000000000062076 =005 20230517074452 =035 ##$$a 0010-0523000016 =007 ta =008 230517################g##########0#ind## =100 #$$a Arini T. Soemohadiwidjojo $e penulis$e Arini T. Soemohadiwidjojo $e penulis =245 ##$$a KPI untuk perusahaan industri /$c Arini T. Soemohadiwidjojo; editor, Andriansyah =250 ##$$a Cetakan 1, 2017 =300 ##$$a iv, 156 halaman : $b ilustrasi ; $c 20 cm =020 ##$$a 978-979-013-244-3 =041 ##$$a ind =082 ##$$a 658.306 =084 ##$$a 658.306 ARI k =264 ##$$a Jakarta :$b Raih Asa Sukses,$c 2017 =336 ##$$a teks$2 rdacontent =337 ##$$a tanpa perantara$2 rdamedia =338 ##$$a volume$2 rdacarrier =504 ##$$a Bibliografi: halaman 152 =650 #4$$a Manajemen Personalia =700 #$$a Andriansyah$e editor =990 ##$$a 01940194